000 02766njm a2200445Ia 4500
001 24082
003 IT-RoPAU
005 20220918181109.0
008 131025s9999 xx 000 0 und d
040 _aIT-RoPAU
040 _cIT-RoPAU
041 _aITALIANO
999 _c98855
_d98855
999 _bn.d.
100 _aCelentano Adriano
_91546
100 _eAutore musica
_98621
100 _gCodice autore musica SPICS: 10821
_91548
245 _aRitratto di... Adriano Celentano
250 _a1a ed.
260 _aMILANO
260 _bCBS - SUGAR
_c1976 [1a Ed.:1976]
300 _aDISCO
500 _aCanzone italiana. Musica leggera.
505 _aSei rimasta sola - Ciao ragazzi - Il problema più importante - Buonasera signorina - Pregherò - Il tangaccio - Azzurro - Chi non lavora non fa l'amore - Sabato triste - La coppia più bella del mondo - La ballata - Yuppi du
650 _aCANZONE ITALIAN [DISCHI]
_eCodice MATERIA SPICS: 9950
_98622
700 _aCelentano Adriano
_eInterprete e autore musica
_gCodice interprete e autore testo/musica SPICS: 10821
_pCiao ragazzi - Chi non lavora non fa l'amore - Sabato triste - La ballata - Yuppi du
_98623
700 _aDel Prete Miki
_eAutore musica
_gCodice autore musica SPICS: 13865
_pSei rimasta sola - Ciao ragazzi - Il problema più importante - Il tangaccio - Chi non lavora non fa l'amore - Sabato triste - La coppia più bella del mondo
_98624
700 _aGianco Ricky
_eAutore testo/musica
_gCodice autore testo/musica SPICS: 15544
_pSei rimasta sola
_98625
700 _aMogol (Rapetti Giulio)
_eAutore
_gCodice autore SPICS: 13643
_pCiao ragazzi - Il tangaccio
_98626
700 _aBeretta Luciano
_eAutore musica
_gCodice autore musica SPICS: 13864
_pIl problema più importante - Chi non lavora non fa l'amore - La coppia più bella del mondo
_98627
700 _aClark
_eAutore musica
_gCodice autore musica SPICS: 23686
_pIl problema più importante
_98628
700 _aSigman C.
_eAutore musica
_gCodice autore musica SPICS: 14404
_pBuonasera signorina
_98629
700 _aDe Rose
_eAutore testo/musica
_gCodice autore testo/musica SPICS: 23731
_pBuonasera signorina
_98630
700 _aKing P.
_eAutore musica
_gCodice autore musica SPICS: 9720
_pPregherò
_98631
700 _aGlick
_eAutore
_gCodice autore SPICS: 26701
_pPregherò
_98632
700 _aBacky Don
_eAutore testo/musica
_gCodice autore testo/musica SPICS: 13846
_pPregherò - Sabato triste
_98633
700 _aMarchetti P.
_eAutore musica
_gCodice autore musica SPICS: 14237
_pIl tangaccio
_98634
700 _aPallavicini Vito
_eAutore musica
_gCodice autore musica SPICS: 13656
_pAzzurro
_98635
700 _aConte Paolo
_eAutore testo/musica
_gCodice autore testo/musica SPICS: 7844
_pAzzurro - La coppia più bella del mondo
_98636
942 _cMD
_2ddc